[Event "Katowice POL-HUN 10th"]
[Site "Katowice"]
[Date "2023.09.09"]
[Round "1"]
[White "Pribelszky, Bence"]
[Black "Stronczek, Karol"]
[Result "1-0"]
[WhiteElo "2417"]
[BlackElo "1439"]
[PlyCount "107"]
[EventDate "2023.09.09"]
[EventType "swiss (rapid)"]
[EventRounds "9"]
[EventCountry "POL"]
[SourceTitle "EXT 2024"]
[Source "ChessBase"]
[SourceDate "2023.10.10"]
[SourceVersion "1"]
[SourceVersionDate "2023.10.10"]
[SourceQuality "1"]

1. b3 b5 2. e3 Bb7 3. Nf3 a6 4. c4 bxc4 5. bxc4 e6 6. Nc3 c5 7. Rb1 Qc7 8. Qb3 Bxf3 9. gxf3 Nc6 10. Qb7 Qxb7 11. Rxb7 Kd8 12. f4 Kc8 13. Rb1 Kc7 14. Bg2 Nge7 15. Bb2 Rb8 16. Ke2 Rg8 17. Ne4 d6 18. Ng5 Nd8 19. Nxh7 f6 20. Bc3 Ndc6 21. Rxb8 Kxb8 22. Bh3 e5 23. fxe5 dxe5 24. Rg1 Rh8 25. Nxf8 Rxh3 26. Rxg7 Kc7 27. Rh7 Rxh7 28. Nxh7 f5 29. h4 Kd6 30. Ng5 Ng8 31. Kf3 Nf6 32. Kg3 Nb4 33. d4 Nh5+ 34. Kf3 e4+ 35. Ke2 Nxa2 36. Bd2 Nb4 37. Nf7+ Kc6 38. d5+ Kd7 39. Bc3 Nc2 40. Ne5+ Kd6 41. Nc6 Na3 42. Be5+ Kd7 43. Na5 Nc2 44. Nb7 Na3 45. Nxc5+ Ke7 46. d6+ Kd8 47. Ne6+ Kd7 48. Nf8+ Ke8 49. d7+ Kd8 50. c5 Nc4 51. c6 Nxe5 52. Ne6+ Ke7 53. d8Q+ Kxe6 54. c7 1-0

[Event "Jastrzebie Zdroj op 4th"]
[Site "Jastrzebie Zdroj"]
[Date "2021.11.12"]
[Round "8"]
[White "Stronczek, Karol"]
[Black "Radzimski, Antoni"]
[Result "0-1"]
[WhiteElo "1285"]
[BlackElo "1581"]
[PlyCount "62"]
[EventDate "2021.11.07"]
[EventType "swiss"]
[EventRounds "9"]
[EventCountry "POL"]
[SourceTitle "CBM 205 Extra"]
[Source "ChessBase"]
[SourceDate "2022.01.31"]
[SourceVersion "1"]
[SourceVersionDate "2022.01.31"]
[SourceQuality "1"]

1. b4 e5 2. Bb2 Bxb4 3. Bxe5 Nf6 4. e3 0-0 5. Nf3 d5 6. c3 Bd6 7. Bxd6 Qxd6 8. d4 Re8 9. Bd3 Bg4 10. h3 Bh5 11. g4 Bg6 12. Bxg6 hxg6 13. Nbd2 Nbd7 14. Qc2 c5 15. Rb1 cxd4 16. cxd4 b6 17. Qb3 Ne4 18. Nxe4 Rxe4 19. Nd2 Re7 20. Rc1 f5 21. f4 Nf6 22. Kf2 fxg4 23. hxg4 Nxg4+ 24. Kf3 Rxe3+ 25. Qxe3 Nxe3 26. Kxe3 Re8+ 27. Kd3 Qa3+ 28. Rc3 Re3+ 29. Kxe3 Qxc3+ 30. Ke2 Qxd4 31. Rc1 Qxf4 0-1